United States: Number One In - Sudden Death - Statistics

General Stats
  • This quiz has been taken 45 times
  • The average score is 4 of 8
Answers on the Grid
Answers color-coded by a green-red scale on the quiz's grid according to % correct below.
Alcohol consumption per capita
Country flags with stars
Drug Death rate
Global Military strength
HDI
Largest land area
Life expectancy
Nominal GDP
Number of megacities
Obesity rate
Oil consumption
Olympic Medals
Population
Total health spending per capita (PPP)
Total Nuclear warheads
Total Prisoners
 
Answer Stats
Answer % Correct
Global Military strength
79%
Country flags with stars
64%
Olympic Medals
58%
Oil consumption
52%
Nominal GDP
45%
Drug Death rate
39%
Total health spending per capita (PPP)
27%
Total Prisoners
27%
No matching quizzes found
Score Distribution
Percent of People with Each Score
Percentile by Number Answered
Your Score History
You have not taken this quiz